000 02163nam a2200277Ia 4500
003 OSt
005 20211117115425.0
008 210310s2007 ck ad dr 000 0 spa d
020 _a9789584423160
040 _aCO-JMCR
_cCO-JMCR
041 0 _aspa
082 0 4 _a679.7 /
_bS231r
_223
100 1 _aSanta María, Mauricio,
_eautor
_929105
245 1 2 _aLa reforma del impuesto al consumo de cigarrillo y tabaco elaborado:
_bimpacto sobre el recaudo /
_cMauricio Santa María, Sandra Viviana Rozo
260 _aBogotá :
_bFedesarrollo,
_c2007.
300 _a55 páginas :
_bilustraciones y gráficas en blanco y negro ;
_c23 cm.
490 _aCuadernos Fedesarrollo ;
_v24
504 _aBibliografía : páginas 51.
505 _aAntecedentes y marco legal. -- Evolución del recaudo en efectivo. -- Valor límite.
520 0 _aLa ley 1111 de 2006 modificó la estructura del impuesto al consumo de cigarrillos y tabaco elaborado en Colombia. En particular, la nueva ley cambió el tipo de impuesto a pagar, la base gravable y las tarifas de ese impuesto. Esta modificación generó una gran controversia en la industria, las entidades gubernamentales y otros actores del sector, debido a que algunas marcas de cigarrillos sufrieron cambios drásticos en el valor a pagar por impuestos al consumo. En este contexto, el estudio busca ofrecer evidencia que colabore a aclarar las diversas inquietudes que se han generado. El objetivo fundamental es evaluar el impacto de la reforma en dos aspectos centrales: sobre el recaudo departamental del impuesto y sobre la industria, a través de las distorsiones generadas en el mercado. Adicionalmente, el estudio busca identificar recomendaciones clave, destinadas a mejorar la estructura del impuesto actual, en el sentido de aumentar el recaudo, mejorar la eficiencia del impuesto y propender por una mayor transparencia y simplicidad en su administración
650 1 4 _aReforma de impuestos
_941554
650 2 4 _aAntecedentes y marco legal
_vReforma de impuestos
_941555
650 2 4 _aRecaudo efectivo
_vReforma de impuestos
_941556
700 1 _aRozo, Sandra Viviana
_eautor
_941557
942 _2ddc
_cBK
999 _c12747
_d12747